人間の命を奪う生き物 ワースト - Statistics

General Stats
  • This quiz has been taken 1,028 times
  • The average score is 12 of 26
Answer Stats
死者数/年(推計) 動物 % Correct
700,000~1,000,000 カ(マラリア・黄熱病・デング熱等)
97%
3 クマ
81%
400,000~600,000 ヒト(故意)
80%
100~250 ライオン
80%
4 サメ
74%
50 トラ
70%
10,000~30,000 イヌ(狂犬病)
65%
50,000~100,000 ヘビ
64%
60~100 ハチ
64%
100~500 ゾウ
62%
1,000 ワニ
54%
500~3,000 カバ
52%
3,500~10,000 ツェツェバエ(トリパノソーマ症)
38%
40 クラゲ
38%
20,000~30,000 サシチョウバエ(リーシュマニア症)
37%
30 アリ
36%
30 ヒョウ
35%
3 クモ
34%
3 オオカミ(狂犬病等)
33%
3,250~3,500 サソリ
30%
100~130 シカ
28%
4,000~20,000 淡水カタツムリ(住血線虫症)
10%
200 アフリカスイギュウ
9%
7,000~12,000 サシガメ(シャーガス病)
4%
1,000~2,000 サナダムシ(嚢虫症)
4%
2,500~5,000 回虫(アスカリア症)
2%
No matching quizzes found
Score Distribution
Percent of People with Each Score
Percentile by Number Answered
Your Score History
You have not taken this quiz